000 00528 a2200193 4500
001 61842
005 20260407155910.0
008 260407a1971 arg spa d
003 AR-UNSa-BCEJYS
040 _aAR-UNSa-BCEJYS
_bspa
_cAR-UNSa-BCEJYS
080 _a347.72
_xSociedades comerciales
245 1 0 _aEstudios de derecho societario
264 1 _aBuenos Aires :
_bCangallo
_c1971
300 _a137 p.
_c20 cm.
041 _aspa
942 _cBK
590 _aniveau_biblio:m niveau_hierar:0
100 1 _aOdriozola, Carlos S.
999 _c7432
_d7432